Scripture and the mystery of the family of God : (Record no. 9650)

MARC details
000 -LEADER
fixed length control field 00686nam a22002057a 4500
003 - CONTROL NUMBER IDENTIFIER
control field OSt
005 - DATE AND TIME OF LATEST TRANSACTION
control field 20260422021911.0
008 - FIXED-LENGTH DATA ELEMENTS--GENERAL INFORMATION
fixed length control field 260422b |||||||| |||| 00| 0 eng d
020 ## - INTERNATIONAL STANDARD BOOK NUMBER
International Standard Book Number 971-0305-33-6
040 ## - CATALOGING SOURCE
Original cataloging agency DWCL-Main lib
Transcribing agency OC
082 ## - DEWEY DECIMAL CLASSIFICATION NUMBER
Classification number Circ. 230 S434 2006
100 ## - MAIN ENTRY--PERSONAL NAME
Personal name Suprenant, Leon JR.
245 ## - TITLE STATEMENT
Title Scripture and the mystery of the family of God :
Remainder of title Catholic for a reason/
Statement of responsibility, etc. Suprenant, Leon JR.
260 ## - PUBLICATION, DISTRIBUTION, ETC.
Place of publication, distribution, etc. Quezon City :
Name of publisher, distributor, etc. Jesuit Communications Foundation, Inc.,
Date of publication, distribution, etc. c2006
300 ## - PHYSICAL DESCRIPTION
Extent xiii, 310 p. ;
Dimensions 21 cm.
650 ## - SUBJECT ADDED ENTRY--TOPICAL TERM
Topical term or geographic name entry element 1. Catholic Church-Apologetic works
650 ## - SUBJECT ADDED ENTRY--TOPICAL TERM
Topical term or geographic name entry element 2. Catholic Church-Doctrines
700 ## - ADDED ENTRY--PERSONAL NAME
Personal name Hahn, Scott
942 ## - ADDED ENTRY ELEMENTS (KOHA)
Source of classification or shelving scheme Dewey Decimal Classification
Koha item type Book Circulation
Classification part Circ.
Suppress in OPAC No
952 ## - LOCATION AND ITEM INFORMATION (KOHA)
--
Holdings
Withdrawn status Lost status Source of classification or shelving scheme Damaged status Not for loan Home library Current library Shelving location Date acquired Source of acquisition Cost, normal purchase price Total Checkouts Full call number Barcode Date last seen Copy number Price effective from Koha item type Uniform Resource Identifier
    Dewey Decimal Classification     College Library College Library Circulation 09/06/2006 SF 375.00   Circ. 230 S434 2006 CL43973 04/22/2026 c1 04/22/2026 BK-CIRC